| 000 | 00615nam a22002297a 4500 | ||
|---|---|---|---|
| 003 | OSt | ||
| 005 | 20140310184420.0 | ||
| 008 | 131008t xxu||||| |||| 00| 0 eng d | ||
| 020 | _a9780439559706 | ||
| 020 | _a0439559707 | ||
| 050 |
_aPZ 7 _b.St857At 2004 |
||
| 100 | _aStilton, Geronimo | ||
| 245 |
_aAttack of the bandit cats / _bGeronimo Stilton. |
||
| 260 |
_aNew York : _bScholastic Inc., _c2004 |
||
| 300 |
_a113 p. : _bill. col. ; _c20 cm. |
||
| 490 |
_aStilton _v8 |
||
| 521 | _aG3 | ||
| 526 | _c570 | ||
| 650 |
_aFiction _xJuvenile literature. _926638 |
||
| 942 |
_2lcc _cBK-SCHOLAS |
||
| 999 |
_c34221 _d34221 |
||